000 00573nam a2200181Ia 4500
005 20260429112235.0
008 260429s9999||||xx |||||||||||||| ||und||
020 _a9788188459360
041 _aHindi
082 _a891.433
_bDES
100 _aदेसाई, रमनलाल वसंतलाल
245 0 _aदबी हुई आग /
_cरमनलाल वसंतलाल देसाई
250 _a1st ed.
260 _aदिल्ली :
_bशुभदा प्रकाशन,
_c2010.
300 _a256 p.; Hb
650 _aNovel
942 _cTB
999 _c53070
_d53070